Statistiques concernant Culture Générale - Série 550

Cliquez ici pour prendre le quiz!

Statistiques générales

  • Ce quiz a été pris 129 fois
  • Le résultat moyen est 6 sur 10

Statistiques - réponses

QuestionRéponse% Correct
Quelle partie d'un arrosoir porte le même nom qu'un fruit ?pomme
92%
Quel monument de Paris peut-on voir sur l'affiche du film "Taxi 2" ?La tour Eiffel
88%
Qu'est-ce qui est "de folie" dans le titre d'une chanson du groupe Début de soirée en 1988 ?La nuit
83%
En physique, de quelle particule les protons et les neutrons constituent-ils le noyau ?atome
74%
Dans l'enseignement secondaire général, quelle est la dernière classe du premier cycle ?La troisième
64%
Qui chante : "Ce n'est rien, tu le sais bien" dans une chanson de 1971 ?Julien Clerc
53%
Quel plat basque, composé également de tomates et d'oeufs brouillés, doit son nom à un mot qui signifie "poivron" ?piperade
51%
Dans quel pays africain se trouve la Casamance ?Sénégal
45%
Qui chante "Le Mambo du décalco" en 1982 ?Richard Gotainer
41%
Dans quel pays est situé le village de Cheddar qui a donné son nom à un fromage ?Grande-Bretagne
27%

Distribution des résultats

Percentile par nombre de réponses

% des personnes avec chaque résultat

Votre développement - résultats

Vous n’avez pas pris ce quiz